|
|
|
|
| LEADER |
00000nam a22000005a 4500 |
| 001 |
vtls010286014 |
| 003 |
SK-MaSNL |
| 005 |
20260504113443.0 |
| 008 |
180809s2010 xo o 100 0 slo |
| 015 |
|
|
|a SNBA2011/08-04473
|
| 020 |
|
|
|a 9788089078226
|q (brož.)
|
| 040 |
|
|
|a SNK
|b slo
|c SNK
|e AACR2
|
| 041 |
0 |
|
|a slo
|b eng
|
| 043 |
|
|
|a e-xo---
|a e------
|
| 044 |
|
|
|a xo
|c SK
|
| 072 |
|
7 |
|a 78.07
|x Hudobníci, skladatelia a iné hudobné povolania
|2 konspekt
|
| 080 |
|
|
|a 78
|2 001
|
| 080 |
|
|
|a 78.071.1
|2 2001
|
| 080 |
|
|
|a (437.6)
|2 2001
|
| 080 |
|
|
|a (4)
|2 2001
|
| 080 |
|
|
|a (062.534)
|2 2001
|
| 111 |
2 |
|
|a Seminár Tadeáša Salvu
|n (5. :
|d 2005 :
|c Lúčky, Slovensko)
|9 652804
|
| 245 |
1 |
0 |
|a Osobnosti slovenskej a európskej hudobnej tvorby III.
|b zborník príspevkov z piateho a šiesteho Seminára Tadeáša Salvu : Lúčky pri Ružomberku 2005 a 2006
|c [zostavili: Zuzana Martináková a Egon Krák]
|
| 250 |
|
|
|a [1. vyd.]
|
| 260 |
|
|
|a V Banskej Bystrici
|b Akadémia umení
|c 2010
|
| 300 |
|
|
|a 220 s.
|b fotogr., noty
|c 20 cm
|
| 366 |
|
|
|e 200 výt.
|
| 504 |
|
|
|a Bibliogr. s. 215. Pozn.
|
| 546 |
|
|
|a Res. angl.
|
| 650 |
0 |
7 |
|a hudba
|2 SNKPH
|9 1063
|
| 650 |
0 |
7 |
|a hudobní skladatelia
|2 SNKPH
|9 3188
|
| 650 |
0 |
7 |
|a Music
|2 SNKPHeng
|9 265352
|
| 650 |
0 |
7 |
|a Composers
|2 SNKPHeng
|9 278300
|
| 651 |
|
7 |
|a Slovensko
|2 SNKPH
|9 14231
|
| 651 |
|
7 |
|a Európa
|2 SNKPH
|9 167569
|
| 651 |
|
7 |
|a Slovakia
|2 SNKPHeng
|9 92630
|
| 651 |
|
7 |
|a Europe
|2 SNKPHeng
|9 56249
|
| 655 |
|
7 |
|a zborníky konferencií
|2 SNKPH
|9 70153
|
| 655 |
|
7 |
|a Proceedings of conferences
|2 SNKPHeng
|9 265791
|
| 700 |
1 |
|
|a Martináková, Zuzana,
|d 1958-
|4 com
|
| 700 |
1 |
|
|a Krák, Egon,
|d 1958-
|4 com
|9 251856
|
| 711 |
2 |
|
|a Seminár Tadeáša Salvu
|n (6. :
|d 2006 :
|c Lúčky, Slovensko)
|4 aut
|9 652805
|
| 752 |
|
|
|a Slovensko
|d Banská Bystrica
|
| 919 |
|
|
|a 978-80-89078-22-6
|
| 958 |
|
|
|a NB
|
| 968 |
|
|
|d 78
|
| 999 |
|
|
|c 1007462
|d 1009392
|
| 952 |
|
|
|a SNK
|b SNK
|y PREZ
|7 0
|p 17A0704635
|o snkSD 75551/3
|i snk2011/13685
|8 0
|0 0
|1 0
|4 0
|d 2011-06-15
|l 0
|r 2025-11-24 00:00:00
|w 2026-02-24
|
| 952 |
|
|
|a SNK
|b SNK
|y VYP
|7 0
|p 17A0704636
|o snkSD 75551/3 D1
|i snk2011/13686
|8 0
|0 0
|1 0
|4 0
|d 2011-06-15
|l 0
|r 2017-06-30 00:00:00
|w 2026-02-24
|